<?xml version="1.0" encoding="UTF-8"?>
<record
    xmlns:xsi="http://www.w3.org/2001/XMLSchema-instance"
    xsi:schemaLocation="http://www.loc.gov/MARC21/slim http://www.loc.gov/standards/marcxml/schema/MARC21slim.xsd"
    xmlns="http://www.loc.gov/MARC21/slim">

  <leader>00414nam a2200157   4500</leader>
  <controlfield tag="005">20260430100926.0</controlfield>
  <controlfield tag="008">260430b        |||||||| |||| 00| 0 eng d</controlfield>
  <datafield tag="020" ind1=" " ind2=" ">
    <subfield code="a">9780335246915</subfield>
  </datafield>
  <datafield tag="082" ind1=" " ind2=" ">
    <subfield code="a">371.3</subfield>
    <subfield code="b">FAU-L</subfield>
  </datafield>
  <datafield tag="100" ind1=" " ind2=" ">
    <subfield code="a">Fautley Martin ,Savage Jonathan </subfield>
  </datafield>
  <datafield tag="245" ind1=" " ind2=" ">
    <subfield code="a">Lesson Planning for Effective Learning </subfield>
  </datafield>
  <datafield tag="260" ind1=" " ind2=" ">
    <subfield code="a">New York </subfield>
    <subfield code="b">Library of Congress </subfield>
  </datafield>
  <datafield tag="300" ind1=" " ind2=" ">
    <subfield code="a">232p</subfield>
  </datafield>
  <datafield tag="650" ind1=" " ind2=" ">
    <subfield code="a">English </subfield>
  </datafield>
  <datafield tag="942" ind1=" " ind2=" ">
    <subfield code="c">BK</subfield>
  </datafield>
  <datafield tag="999" ind1=" " ind2=" ">
    <subfield code="c">47437</subfield>
    <subfield code="d">47437</subfield>
  </datafield>
  <datafield tag="952" ind1=" " ind2=" ">
    <subfield code="0">0</subfield>
    <subfield code="w">2026-04-30</subfield>
    <subfield code="1">0</subfield>
    <subfield code="4">0</subfield>
    <subfield code="7">0</subfield>
    <subfield code="8">English</subfield>
    <subfield code="a">AUSC</subfield>
    <subfield code="b">AUSC</subfield>
    <subfield code="c">English Literature</subfield>
    <subfield code="d">2026-04-27</subfield>
    <subfield code="e">Ali Book Services</subfield>
    <subfield code="i">AUH11-01</subfield>
    <subfield code="l">0</subfield>
    <subfield code="o">371.3 FAU-L</subfield>
    <subfield code="p">AUHEP0071</subfield>
    <subfield code="r">2026-04-30 10:10:00</subfield>
    <subfield code="y">BK</subfield>
  </datafield>
</record>
